Quotidiano delirante (Registo nº 201091)

Detalhes MARC
000 -Etiqueta do registo
Valores 00558nam 22002053 4500
010 ## - Número ISBN
ISBN 972-45-1043-3
021 ## - Número do Depósito Legal
Código do país Portugal
Número 124560/98
100 ## - Dados gerais de processamento
Dados gerais 20260309d u||y0pory50 ba
200 ## - Titulo e menção de responsabilidade
Título próprio Quotidiano delirante
Primeira menção de responsabilidade Miguelanxo Prado
210 ## - Publicação
Local de publicação Lisboa
Nome do editor Meribérica/Liber
Data de publicação D.L. 1998
215 ## - Descrição física 
Paginação / Volumes 48 p.
Outras indicações físicas il. ; brochado
Dimensões 29 cm
606 ## - Nome comum usado como assunto
ID Autoridade 1586
Palavra de ordem Desenho Artístico
610 ## - Termos não controlados
Palavra de ordem Banda Desenhada
675 ## - CDU
Notação 74
Edição PT
Língua por
700 ## - Autor principal (pessoa individual)
ID Autoridade 4498
Apelido Prado
Nome Miguelanxo
Datas 1958-
801 ## - Fonte de origem
País PT
Agência BMMN
Regras de catalogação RPC
830 ## - Notas gerais do catalogador
Criado por Isabel
990 ## - Elementos KOHA
Tipo de documento Livro
Exemplares
Situação do levantamento Biblioteca de origem Código de barras Cota Permissão de empréstimo Tipo de documento Forma de aquisição
  Biblioteca Municipal de Montemor-o-Novo 30373 74 PRA|AJ   Livro Compra

Powered by Koha